IRRI research paper series; 1985 Copublication of IRRI materials: A survey of translators and publishers

Đã lưu trong:
Sonraí Bibleagrafaíochta
Príomhúdar: IRRI
Formáid: Leabhar
Teanga:Undetermined
Foilsithe: Manila IRRI 1985
Ábhair:
Clibeanna: Cuir Clib Leis
Gan Chlibeanna, Bí ar an gcéad duine leis an taifead seo a chlibeáil!
Thư viện lưu trữ: Trung tâm Học liệu Trường Đại học Cần Thơ
LEADER 00561nam a2200193Ia 4500
001 CTU_28948
008 210402s9999 xx 000 0 und d
082 |a 633.18 
082 |b I71rp/1985 
100 |a IRRI 
245 0 |a IRRI research paper series; 1985 
245 0 |b Copublication of IRRI materials: A survey of translators and publishers 
245 0 |c IRRI 
260 |a Manila 
260 |b IRRI 
260 |c 1985 
650 |a rice - research 
904 |i Nguyễn Quang Điền, 990309 
980 |a Trung tâm Học liệu Trường Đại học Cần Thơ